Problém zvaný e-government

Bibliographic Details
Main Author: Takács, Arpád (Author)
Format: Article
Language:Slovak
ISSN:1335-4701
Subjects:

MARC

LEADER 00000nab a2200000 a 4500
001 vtls008901339
003 SK-MaSNL
005 20260303071429.0
008 140301c20060718xo dr|p|||||||000 b|slo
015 |a SNBRB2006/12  |2 snkbucl 
038 |a SNKBUCL 
040 |a SNKBUCL  |b slo  |c SNKBUCL  |e AACR2 
041 0 |a slo 
044 |a xo  |c SK 
080 |a 352/354:004  |2 1997 
080 |a 004  |2 1997 
100 1 |a Takács, Arpád  |4 aut  |9 807181 
245 1 0 |a Problém zvaný e-government  |c Arpád Takács 
650 0 7 |a elektronická verejná správa  |2 snkbucl  |9 1534 
773 0 |t Hospodárske noviny  |g Roč. XIV., č. 136 (18.7.2006)  |x 1335-4701 
773 0 8 |t Digitálny svet  |g S. [17] a 21 
852 |a SNK  |b KIS3GCP 
999 |c 1759872  |d 1761802